=LDR 00000nam 2200000 4500 =001 INLIS000000000006433 =005 20130612094554 =008 ***********************************Ind** =035 ##$$0010-061300000006433 =041 ##$$a Ind =082 ##$$a 959.8 =090 ##$$a 959.8, Tir d =100 ##$$a TIRTOSUDARMO, Riwanto =245 ##$$a Demografi politik, Pembangunan Indonesia dari Riau sampai Timor - Timur, Riwanto, Tirtosudarmo. -- =260 ##$$a 1996 $b Jakarta =300 ##$$a ix, 204 hlm, ilus, 21 cm =650 ##$$a Demografi - Indonesia =850 ##$$a NBPNMAT